000 00343nam a22001457a 4500
008 250514b |||||||| |||| 00| 0 eng d
020 _a9781784751371
050 _aPS3557.A22
_b.O98
100 _aGabaldon, Diana
245 _a0ut Lander
260 _aLondon
_bPenguin
_c1991
300 _a875p.
650 _aTime travel-Fiction
942 _cBK
999 _c3466
_d3466